000
00311nam a2200133Ia 4500
005
20251222151305.0
008
251222s9999||||xx |||||||||||||| ||spa||
082
_a
821/A32
100
_a
Agurto, Gastón
245
0
_a
Comer Carne Humana
250
_a
1ra.ed.
264
_b
Ediciones de los Lunes
942
_c
LIB
999
_c
23121
_d
23121